[Event "EU-ch U16"]
[Site "Bratislava"]
[Date "2019.08.03"]
[Round "2"]
[White "Timoshin, Andrei"]
[Black "Ognean, Mihnea Ionut"]
[Result "1-0"]
[WhiteElo "2154"]
[BlackElo "2290"]
[PlyCount "115"]
[EventDate "2019.08.02"]
[EventType "swiss"]
[EventRounds "9"]
[EventCountry "SVK"]
[SourceTitle "CBM 191 Extra"]
[Source "ChessBase"]
[SourceDate "2019.09.30"]
[SourceVersion "1"]
[SourceVersionDate "2019.09.30"]
[SourceQuality "1"]

1. e4 d6 2. d4 Nf6 3. Nc3 g6 4. Be3 Bg7 5. Qd2 c6 6. Nf3 b5 7. Bd3 Nbd7 8. h3 Qc7 9. Ne2 Bb7 10. Ng3 a6 11. a4 0-0 12. 0-0 c5 13. c3 e5 14. d5 c4 15. Bc2 Nc5 16. Bh6 Nfd7 17. Nf5 Bf6 18. Bxf8 Rxf8 19. Ng3 Bd8 20. axb5 axb5 21. Qh6 Re8 22. Ng5 Nf8 23. f4 f6 24. Nf3 Qe7 25. f5 Qg7 26. Qd2 Nfd7 27. h4 Bb6 28. Kh2 Re7 29. Rfb1 Nb3 30. Bxb3 cxb3 31. h5 Nc5 32. Re1 Rc7 33. Nh4 g5 34. Nf3 Na4 35. Kh1 Rc4 36. Nh2 g4 37. h6 Qf7 38. Nxg4 Nc5 39. Qe2 Kf8 40. Qf3 Ke7 41. Ne3 Nd3 42. Nxc4 bxc4 43. Nh5 Nxb2 44. Reb1 Nd3 45. Ng7 Nc5 46. Qe2 Nd3 47. Kh2 Nf2 48. Ra4 Nxe4 49. Qxe4 Bxd5 50. Qe2 e4 51. Rd1 e3 52. Rda1 Kd8 53. Ra8+ Bxa8 54. Rxa8+ Kd7 55. Ne6 b2 56. Qxc4 b1Q 57. Qc8+ Ke7 58. Qb7+ 1-0